European Football's Treble Winning Managers - Statistics

General Stats
  • This quiz has been taken 53 times
  • The average score is 8 of 11
Answer Stats
Season Team Manager % Correct
2022-23 Manchester City Pep Guardiola
100%
2008-09 Barcelona Pep Guardiola
100%
2024-25 Paris Saint-Germain Luis Enrique
94%
2014-15 Barcelona Luis Enrique
94%
2019-20 Bayern Munich Hansi Flick
90%
1998-99 Manchester United Sir Alex Ferguson
90%
2009-10 Inter Milan José Mourinho
86%
2012-13 Bayern Munich Jupp Heynckes
61%
1987-88 PSV Eindhoven Guus Hiddink
24%
1966-67 Celtic Jock Stein
22%
1971-72 Ajax Ștefan Kovács
8%
No matching quizzes found
Score Distribution
Percent of People with Each Score
Percentile by Number Answered
Your Score History
You have not taken this quiz